000 00783nam a2200289Ia 4500
001 33116
003 IT-RoPAU
008 130308s9999 xx 000 0 und d
040 _aIT-RoPAU
040 _cIT-RoPAU
041 _aITALIANO
100 _aAlimenti Dante
100 _gCodice Aut. SPICS: 9990
245 _aBasta l'immagine di un volto in preghiera
245 _bDio in Tv?-Religione ed Evangelizzazione Attraverso Il Video
250 _a1a ed.
260 _aROMA
260 _bCitta' Nuova
260 _c1983 [1° Ed.:1983 - Ed.Ling.Originale:1983]
300 _a"3 p. (prefazione: no ; testo: 3 [pagine: 26-28])"
650 _aTEORICHE TELEVISIVE
650 _eCodice materia Spics: 6955
942 _cBK
957 _71
999 _c57166
_d57166
999 _bSI
999 _g1